000 00636nam a2200265Ia 4500
008 160321s9999||||xx |||||||||||||| ||und||
040 _cEnglish
082 _aXI.B Majumdar
082 _bBORI-40439
100 _aR. C. Majumdar
245 4 _aThe Vedic Age
260 _bS.Ramakrishnan Executive Secretary
300 _a572
300 _cB
300 _eHardbound
530 _u00001156.pdf
563 _aStudy
600 _aR. C. Majumdar
630 _aThe Vedic Age
650 _a History&Historiography
650 _aGeneral Indology
700 _aR. C. Majumdar
730 _aThe Vedic Age
942 _cBOOK
999 _c1362017
_d1362014